| Tag |
First Indicator |
Second Indicator |
Subfields |
| LEADER |
00000cam a22000001i 4500 |
| 001 |
in00004084321 |
| 006 |
m |o d | |
| 007 |
cr |n||||||||| |
| 008 |
191027t20192019azua ob 001 0 eng d |
| 005 |
20221130133937.0 |
| 020 |
|
|
|a 9780816540495 (electronic bk.)
|
| 020 |
|
|
|a 0816540497 (electronic bk.)
|
| 020 |
|
|
|z 9780816537907
|
| 020 |
|
|
|z 0816537909
|
| 024 |
8 |
|
|a 99983374096
|
| 035 |
|
|
|a (NhCcYBP)ebc5892665
|
| 035 |
|
|
|a in00004084321
|
| 040 |
|
|
|a NhCcYBP
|c NhCcYBP
|d UtOrBLW
|
| 050 |
|
4 |
|a PN1995.9.H47
|b L385 2019
|
| 082 |
0 |
4 |
|a 384.808968073
|2 23
|
| 086 |
0 |
|
|a UA 5.2:L 385
|
| 245 |
0 |
0 |
|a Latinx ciné in the twenty-first century /
|c edited by Frederick Luis Aldama.
|
| 264 |
|
1 |
|a Tucson :
|b The University of Arizona Press,
|c 2019.
|
| 264 |
|
4 |
|c ©2019
|
| 300 |
|
|
|a 1 online resource.
|
| 336 |
|
|
|a text
|b txt
|2 rdacontent
|
| 337 |
|
|
|a computer
|b c
|2 rdamedia
|
| 338 |
|
|
|a online resource
|b cr
|2 rdacarrier
|
| 490 |
1 |
|
|a Latinx pop culture
|
| 504 |
|
|
|a Includes bibliographical references and index.
|
| 505 |
0 |
0 |
|t Foreword: Bearing witness : A Latinx filmmaker's journey /
|r Paul Espinosa --
|t Introduction: Latinx ciné : filmmaking, production, and consumption in the twenty-first century /
|r Frederick Luis Aldama --
|g Part I.
|t The Question of Twenty-First Century Latinx Ciné.
|g 1.
|t What is Latinx in today's documentary filmscape? /
|r Debra A. Castillo ;
|g 2.
|t Pantelion films and the Latinx Spanish-language film marketplace /
|r Henry Puente ;
|g 3.
|t Reframing the border in contemporary Mexican American documentary /
|r Monica Hanna ;
|g 4.
|t Serious docu-games : empathy in action at the virtual border /
|r Rebecca A. Sheehan --
|g Part II.
|t Reframing and Center-Staging Latinx Nonfiction Flicks.
|g 5.
|t Digitized identidad : color, body, and the tension of DVD-constructed Chicanx heroes /
|r Samuel Saldívar III ;
|g 6.
|t Salsa on film : (corporate) stars, local communities, and global audiences, from Our Latin Thing to El Cantante /
|r Nikolina Dobreva and Enrique García --
|g Part III.
|t Toward a Borderland Ciné of Precarity and Situated Excess.
|g 7.
|t On the border between migration and horror : rendering border violence strange in Jonás Cuarón's Desierto /
|r Lee Bebout and Clarissa Goldsmith ;
|g 8.
|t Invisible immigrants : A Better Life and the cinematic undocumented /
|r Desirée J. Garcia ;
|g 9.
|t Ex-voto #7 : print culture and the creation of an alternative Latinidad in the work of Jim Mendiola /
|r Ariana Ruiz ;
|g 10.
|t The good, bad, and the messy : Michael Peña's Browning of the twenty-first century silver screen /
|r Frederick Luis Aldama and Carlos Gabriel Kelly ;
|g 11.
|t Ethnic avengers : machete, django, and the uncertain futures of race and immigration in the United States /
|r Juan J. Alonzo --
|g Part IV.
|t Latinx Futurities.
|g 12.
|t Border securities, drone cultures, and Alex Rivera's Sleep dealer /
|r Camilla Fojas ;
|g 13.
|t Techno/memo : the politics of cultural memory in Alex Rivera's Sleep dealer /
|r J.V. Miranda ;
|g 14.
|t Digital Rasquachismo : Alex Rivera's multimedia storytelling, humor, and transborder Latinx futurity /
|r Jennifer M. Lozano ;
|g 15.
|t Extra Terrestres and the politics of scientific realism /
|r Matthew David Goodwin --
|g Part V.
|t Superheroic Latinxs.
|g 16.
|t LatinX-men : Logan's undocumented voices speak /
|r Jorge Santos ;
|g 17.
|t Laura Kinney as X-treme Niña : monstrosity and citizenship in Marvel's Logan /
|r Danielle Alexis Orozco --
|g Part VI.
|t Pixelated Browns.
|g 18.
|t Very ¡MACHO! Sonic legacies of Mexican animated villains /
|r Sara Veronica Hinojos ;
|g 19.
|t The best Mexican is a (Day of the) Dead Mexican : representing Mexicanness in U.S. animated films /
|r Manuel M. Martin-Rodriguez ;
|g 20.
|t (Re)animating the dead : memory, music, and divine justice in Coco /
|r John D. "Rio" Riofrio ;
|g 21.
|t "There is no 'I' in Trollhunters" : gendered and collective heroism in Guillermo del Toro's multimedial saga /
|r Iván Eusebio Aguirre Darancou --
|g Part VII.
|t Twenty-First-Century Engenderings of Latinx Ciné.
|g 22.
|t Latinas in biographical film : analyzing the cultivation of a genealogy of Latina Feministas in the United States /
|r Valentina Montero Román ;
|g 23.
|t Impossible mission : the queer geographies of Peter Bratt's La Mission /
|r Richard T. Rodriguez ;
|g 24.
|t Not-so-great expectations : challenging gender/ethnic roles and achievement in Latinx sports films /
|r Mauricio Espinoza --
|t Twenty-first-century Latinx ciné : a coda /
|r Rosa-Linda Fregoso.
|
| 588 |
|
|
|a Description based on print version record.
|
| 500 |
|
|
|a Electronic resource.
|
| 650 |
|
0 |
|a Hispanic Americans in the motion picture industry
|x History
|y 21st century.
|
| 650 |
|
0 |
|a Hispanic Americans in motion pictures
|x History
|y 21st century.
|
| 655 |
|
7 |
|a Electronic books.
|2 local
|
| 700 |
1 |
|
|a Aldama, Frederick Luis,
|d 1969-
|e editor.
|0 http://id.loc.gov/authorities/names/n2002037913
|
| 710 |
2 |
|
|a ProQuest (Firm)
|0 http://id.loc.gov/authorities/names/n2007068018
|
| 776 |
1 |
8 |
|c Original
|z 9780816537907
|z 0816537909
|w (DLC) 2019001387
|
| 830 |
|
0 |
|a Latinx pop culture.
|0 http://id.loc.gov/authorities/names/no2017152882
|
| 856 |
4 |
0 |
|u https://ebookcentral.proquest.com/lib/tamucs/detail.action?docID=5892665
|z Connect to the full text of this electronic book
|t 0
|
| 955 |
|
|
|a YBP purchased DDA e-records
|
| 980 |
|
|
|b 180.00
|g 1
|
| 987 |
|
|
|a ybp16239731
|
| 999 |
f |
f |
|s 79715801-0185-435b-bbdb-6fbe634ffe67
|i 17f3e7d0-fd5e-307b-b156-0bf55c3ad772
|t 0
|
| 952 |
f |
f |
|a Texas A&M University
|b College Station
|c Electronic Resources
|d Available Online
|t 0
|e PN1995.9.H47 L385 2019
|h Library of Congress classification
|
| 998 |
f |
f |
|a PN1995.9.H47 L385 2019
|t 0
|l Available Online
|